सरल होम्योपैथिक मेटेरिया मेडिका / (Record no. 67821)

MARC details
000 -LEADER
fixed length control field 00986 aa a2200241 4500
005 - DATE AND TIME OF LATEST TRANSACTION
control field 20120611144412.0
010 ## - LCCN (DPL NO)
LC control number
020 ## - INTERNATIONAL STANDARD BOOK NUMBER
Terms of availability 120.00
International Standard Book Number
035 ## - SYSTEM CONTROL NUMBER
System control number B-211729
037 ## - SOURCE OF ACQUISITION
Source of stock number/acquisition pub
082 ## - DEWEY DECIMAL CLASSIFICATION NUMBER
Classification number 615.53
100 ## - MAIN ENTRY--PERSONAL NAME
Personal name शर्मा, रामगोपाल
245 ## - TITLE STATEMENT
Title सरल होम्योपैथिक मेटेरिया मेडिका /
Statement of responsibility, etc रामगोपाल शर्मा एवं राजेश दीक्षित
246 ## - VARYING FORM OF TITLE
Title proper/short title
Remainder of title
250 ## - EDITION STATEMENT
Edition statement
260 ## - PUBLICATION, DISTRIBUTION, ETC. (IMPRINT)
Place of publication, distribution, etc मथुरा
Name of publisher, distributor, etc भाषा भवन
Date of publication, distribution, etc 2002
270 ## - ADDRESS
Address
City
Postal code
300 ## - PHYSICAL DESCRIPTION
Extent 272पृ
Dimensions 22 सेमी (सजिल्द)
490 ## - SERIES STATEMENT
Series statement
-- 48900
700 ## - ADDED ENTRY--PERSONAL NAME
Personal name दीक्षित, राजेश
9 (RLIN) 48865
942 ## - ADDED ENTRY ELEMENTS (KOHA)
Institution code [OBSOLETE] dpl
Item type Hindi Books
Call number prefix
Source of classification or shelving scheme Dewey Decimal Classification
Classification part 615.53
Call number suffix शर्मारा
Holdings
Withdrawn status Lost status Not for loan Collection code Home library Current library Date acquired Cost, normal purchase price Full call number Barcode Cost, replacement price Koha item type
      Non-fiction Sarojini Nagar Sarojini Nagar 11/06/2012 120.00 615.53 शर्मारा B-211729 120.00 Hindi Books

© Delhi Public Library
Hit Counter
free hit counter